00389 2200157 4500001002100000005001500021035002000036245006300056100001800119300001200137260002600149082000800175084001400183020002200197990001200219INLIS00000000000183120250508010726 a0010-05250001231 aSukses BIMBEL ( Bimbingan Belajar ) /cTrifia Astuti, S.Pd0 aTrifia Astuti a128 hlm aSolo :bLingkar Media a370 a370 TRI s a978-602-52369-4-5 a0754773